Auf dem Menschenstern (Record no. 6366)

MARC details
000 -CABECERA
campo de control de longitud fija 00747nam a2200241 a 4500
001 - NÚMERO DE CONTROL
campo de control BRCA_6683
005 - FECHA Y HORA DE LA ÚLTIMA TRANSACCIÓN
campo de control 20190320205543.0
008 - DATOS DE LONGITUD FIJA--INFORMACIÓN GENERAL
campo de control de longitud fija 131011s19091920gw-#######---#000-0#ger-#
041 ## - CÓDIGO DE LENGUA
Código de lengua del texto/banda sonora o título independiente ger
044 ## - CÓDIGO DEL PAÍS DE LA ENTIDAD EDITORA/PRODUCTORA
Código MARC del país gw
050 #4 - SIGNATURA TOPOGRÁFICA DE LA BIBLIOTECA DEL CONGRESO
Número de clasificación QH366
Número de documento/Ítem .B64 1909
100 1# - ENTRADA PRINCIPAL--NOMBRE DE PERSONA
Nombre de persona Bölsche, Wilhelm
Fechas asociadas al nombre 1861-1939
9 (RLIN) 16359
245 10 - MENCIÓN DE TÍTULO
Título Auf dem Menschenstern
Resto del título Gedanken zu Natur und Kunst
Mención de responsabilidad, etc. von Wilhelm Bölsche.
260 ## - PUBLICACIÓN, DISTRIBUCIÓN, ETC.
Lugar de publicación, distribución, etc. Dresde, Alemania
Nombre del editor, distribuidor, etc. Carl Reissner
Fecha de publicación, distribución, etc. 1909
300 ## - DESCRIPCIÓN FÍSICA
Extensión 2 v.
Dimensiones 22 cm.
500 ## - NOTA GENERAL
Nota general Estado físico: v.2. la cubierta posterior se esta desprendiendo
500 ## - NOTA GENERAL
Nota general L207
505 0# - NOTA DE CONTENIDO CON FORMATO
Nota de contenido con formato Contenido: v.1. Publicado en 1909.-- v.2. Publicado en 1920
650 14 - PUNTO DE ACCESO ADICIONAL DE MATERIA--TÉRMINO DE MATERIA
Término de materia o nombre geográfico como elemento de entrada Evolución
9 (RLIN) 16651
650 14 - PUNTO DE ACCESO ADICIONAL DE MATERIA--TÉRMINO DE MATERIA
Término de materia o nombre geográfico como elemento de entrada Hombre
Subdivisión general Origen
9 (RLIN) 16653
902 ## - CATALOGADOR
Iniciales GFM
942 ## - ELEMENTOS DE PUNTO DE ACCESO ADICIONAL (KOHA)
Fuente del sistema de clasificación o colocación Library of Congress Classification
Tipo de ítem Koha Libros
Holdings
Estado de retiro Estado de pérdida Estado dañado No para préstamo Localización permanente Ubicación/localización actual Fecha de adquisición Número de inventario Total de préstamos Signatura topográfica completa Código de barras Fecha visto por última vez Precio válido a partir de Tipo de ítem Koha
El ejemplar forma parte de la colección y puede ser consultado según las políticas vigentes.       Biblioteca del Museo Franz Mayer (Rogerio Casas-Alatriste) Biblioteca del Museo Franz Mayer (Rogerio Casas-Alatriste) 13/10/2011 L207   QH366 .B64 1909 (L207) 7130 22/03/2019 22/03/2019 Libros